00601nam a2200157 a 450000100100000000500170001000800410002704000250006810000370009324500770013026000530020730000290026050400320028995201050032199900170042600003935020201002031616.0130625s2002 dr a 000 0 spa d aDO-SdBNPbspacBNPHU1 aAybar Muñoz, Argelia R.96493010aEmbriología :bguía para el laboratorio /cArgelia R. Aybar Muñoz. aSantiago, República Dominicana :bNani,c2002. a102 p. :bils. ;c29 cm. aBibliografía : p. 101-102 0010718PDaPDbPDcCTd2013-06-25iLF1l0o p39350-10r2020-06-25w2020-06-25yLFPDZNo se presta c38840d38840